| 000 | 00740nam a2200229 a 4500 | ||
|---|---|---|---|
| 001 | 000020030 | ||
| 005 | 20200929170233.0 | ||
| 008 | 100712s1965 sp 001 f spa d | ||
| 040 |
_aDO-SdBNP _bspa _cBNPHU |
||
| 082 |
_a863.62 _bU72b |
||
| 100 | 1 |
_aUrabayen, Félix, _d1883-1943 _942615 |
|
| 245 | 1 | 0 |
_aBajo los robles navarros / _cFélix Urabayen. |
| 260 |
_aMadrid : _bEspasa-Calpe, _c1965. |
||
| 300 |
_a150, [9] p. ; _c18 cm. |
||
| 490 | 1 |
_aAustral. Azul: novelas y cuentos en general _v1361 |
|
| 500 | _aIncluye índice de autores. | ||
| 650 | 4 |
_aNovela española _91123 |
|
| 650 | 4 |
_aLiteratura española _ySIGLO XX _93326 |
|
| 830 | 0 |
_aAustral. _pAzul: novelas y cuentos en general; _v1361 _922386 |
|
| 910 | _aWM | ||
| 049 | _aBNGR | ||
| 999 |
_c19542 _d19542 |
||